ローマ字に"J","R"がつくJR駅 - Statistics

General Stats
  • This quiz has been taken 97 times
  • The average score is 13 of 48
Answer Stats
頭文字 所在地 Answer ローマ字表記 % Correct
「じ」 大阪府 JR難波 JR-Namba
67%
「じ」 大阪府 JR野江 JR-Noe
67%
「じ」 大阪府 JR総持寺 JR-Sōjiji
66%
「じ」 大阪府 JR河内永和 JR-Kawachi-Eiwa
62%
「じ」 大阪府 JR淡路 JR-Awaji
60%
「じ」 大阪府 JR俊徳道 JR-Shuntokumichi
58%
「じ」 奈良県 JR五位堂 JR-Goidō
48%
「じ」 京都府 JR小倉 JR-Ogura
47%
「じ」 京都府 JR藤森 JR-Fujinomori
44%
「じ」 大阪府 JR長瀬 JR-Nagase
42%
「じ」 京都府 JR三山木 JR-Miyamaki
38%
「ろ」 京都府 六地蔵 Rokujizō
36%
「め」 東京都 目白 Mejiro
35%
「ほ」 奈良県 法隆寺 Hōryūji
28%
「ら」 新潟県 来迎寺 Raikōji
27%
「ろ」 福井県 六条 Rokujō
27%
「の」 長野県 野尻 Nojiri
26%
「じ」 岐阜県 上呂 Jōro
24%
「わ」 福岡県 和白 Wajiro
24%
「あ」 静岡県 網代 Ajiro
22%
「じ」 埼玉県 神保原 Jimbohara
21%
「じ」 愛知県 神領 Jinryō
21%
「は」 東京都 原宿 Harajuku
21%
「し」 長野県 塩尻 Shiojiri
20%
「た」 宮城県 田尻 Tajiri
20%
「つ」 青森県 津軽新城 Tsugaru-Shinjō
20%
「び」 岡山県 備中神代 Bitchū-Kōjiro
20%
「ふ」 茨城県 藤代 Fujishiro
20%
「き」 鹿児島県 霧島神宮 Kirishima-jingū
16%
「く」 新潟県 鯨波 Kujiranami
16%
「に」 佐賀県 虹ノ松原 Nijinomatsubara
16%
「ひ」 富山県 東野尻 Higashi-Nojiri
16%
「こ」 山口県 神代 Kōjiro
15%
「し」 静岡県 新所原 Shinjohara
15%
「じ」 福岡県 陣原 Jinnoharu
15%
「ひ」 長野県 聖高原 Hijiri-Kōgen
15%
「さ」 大阪府 桜島 Sakurajima
14%
「ろ」 高知県 六反地 Rokutanji
14%
「あ」 広島県 安芸川尻 Aki-Kawajiri
13%
「か」 福島県 上野尻 Kami-Nojiri
12%
「つ」 徳島県 坪尻 Tsubojiri
12%
「う」 長野県 海尻 Umijiri
10%
「お」 高知県 小村神社前 Omurajinjamae
10%
「い」 福岡県 池尻 Ikejiri
9%
「お」 北海道 渡島沼尻 Oshima-Numajiri
8%
「か」 山口県 梶栗郷台地 Kajikuri-Gōdaichi
8%
「さ」 秋田県 沢尻 Sawajiri
8%
「ち」 福岡県 長者原 Chōjabaru
5%
No matching quizzes found
Score Distribution
Percent of People with Each Score
Percentile by Number Answered
Your Score History
You have not taken this quiz